[Event "Montreal zt (Women)"]
[Site "Montreal"]
[Date "2017.12.26"]
[Round "1"]
[White "Zhou, Qiyu"]
[Black "Chao, Lucy"]
[Result "1-0"]
[WhiteElo "2240"]
[BlackElo "1331"]
[PlyCount "89"]
[EventDate "2017.12.26"]
[EventType "tourn"]
[EventRounds "9"]
[EventCountry "CAN"]
[SourceTitle "CBM 182 Extra"]
[Source "ChessBase"]
[SourceDate "2018.02.23"]
[SourceVersion "1"]
[SourceVersionDate "2018.02.23"]
[SourceQuality "1"]

1. e4 c6 2. d4 d5 3. exd5 cxd5 4. Bd3 Nc6 5. c3 Nf6 6. h3 e5 7. dxe5 Nxe5 8. Nf3 Nxd3+ 9. Qxd3 Bd6 10. 0-0 0-0 11. Bg5 Bc7 12. Na3 a6 13. Nc2 Qd6 14. Ne3 Rd8 15. Rad1 Bd7 16. Nxd5 Qxd5 17. Qxd5 Nxd5 18. Bxd8 Rxd8 19. Rxd5 Bc6 20. Rxd8+ Bxd8 21. Ne5 Be8 22. Re1 f6 23. Nc4 Kf8 24. b3 Bc7 25. Ne3 Bf7 26. Rd1 Be6 27. Nd5 Be5 28. c4 Kf7 29. Kf1 h6 30. Ke2 h5 31. Ke3 g5 32. Ke4 Kg6 33. Ne7+ Kf7 34. Nf5 Kg6 35. g4 h4 36. f3 Bc7 37. c5 Bxf5+ 38. gxf5+ Kf7 39. Rd7+ Ke8 40. Rxc7 Kd8 41. Rxb7 Kc8 42. c6 Kd8 43. Kd5 Kc8 44. Kd6 Kd8 45. Rb8# 1-0

[Event "Alberta op"]
[Site "Edmonton"]
[Date "2017.10.08"]
[Round "3"]
[White "Chao, Lucy"]
[Black "Malek, Omid"]
[Result "0-1"]
[WhiteElo "1276"]
[BlackElo "2074"]
[PlyCount "104"]
[EventDate "2017.10.07"]
[EventType "swiss"]
[EventRounds "6"]
[EventCountry "CAN"]
[SourceTitle "EXT 2019"]
[Source "ChessBase"]
[SourceDate "2018.10.10"]
[SourceVersion "1"]
[SourceVersionDate "2018.10.10"]
[SourceQuality "1"]

1. e4 e6 2. d4 d5 3. Nd2 Nc6 4. c3 e5 5. exd5 Qxd5 6. Ngf3 exd4 7. Bc4 Qh5 8. Qe2+ Be7 9. cxd4 Nf6 10. Bb5 0-0 11. Bxc6 bxc6 12. Ne5 Qxe2+ 13. Kxe2 c5 14. Ndf3 Ba6+ 15. Kd1 cxd4 16. Nxd4 Rad8 17. Nec6 Rxd4+ 18. Nxd4 Rd8 19. Kc2 Rxd4 20. Bd2 Bd3+ 21. Kc3 c5 22. b3 Ne4+ 23. Kb2 Nxd2 24. Rhe1 Ne4 25. f3 Bf6 26. Rad1 Nd6 27. Kc1 Bf5 28. g4 Be6 29. b4 Rc4+ 30. Kd2 Rxb4 31. Ke2 Rb2+ 32. Kf1 Bd4 33. Rc1 g5 34. Re2 Bc4 35. Rxc4 Nxc4 36. Rxb2 Nxb2 37. Ke2 Kg7 38. Kd2 Kf6 39. h3 Ke5 40. a3 Kf4 41. Ke2 a5 42. Kd2 Nc4+ 43. Kd3 Nxa3 44. h4 gxh4 45. g5 h3 46. g6 fxg6 47. Kd2 c4 48. Ke1 Ke3 49. Kf1 Kxf3 50. Ke1 Be3 51. Kf1 h2 52. Ke1 h1R# 0-1